| 000 | 00926cam a22002894a 4500 | ||
|---|---|---|---|
| 001 | 57573810 | ||
| 003 | OSt | ||
| 005 | 20150408114103.0 | ||
| 008 | 050125s2006 maua b 001 0 eng | ||
| 010 | _a2005041505 | ||
| 020 | _a0072961805 (alk. paper) | ||
| 040 |
_aDLC _cDLC _dOCLCQ _dUtOrBLW |
||
| 042 | _apcc | ||
| 050 | 0 | 0 |
_aHF1416 _b.J63 2006 |
| 082 | 0 | 0 |
_a658.84 _222 |
| 100 | 1 |
_aJohansson, Johny K. _915176 |
|
| 245 | 1 | 0 |
_aGlobal marketing : _bforeign entry, local marketing & global management / _cJohny K. Johansson. |
| 250 | _a4th ed. | ||
| 260 |
_aBoston : _bMcGraw-Hill Irwin, _cc2006. |
||
| 300 |
_axvi, 647 p. : _bill. ; _c29 cm. |
||
| 490 | 1 | _aMcGraw-Hill/Irwin series in marketing. | |
| 504 | _aIncludes bibliographical references and index. | ||
| 650 | 0 | _aExport marketing. | |
| 650 | 0 |
_aExport marketing _xManagement. |
|
| 830 | 0 |
_aMcGraw-Hill/Irwin series in marketing. _918167 |
|
| 942 |
_2ddc _cBOOK |
||
| 999 |
_c26365 _d260865 |
||